| 000 | 00512nam a2200181Ia 4500 | ||
|---|---|---|---|
| 999 |
_c6773 _d6773 |
||
| 003 | OSt | ||
| 005 | 20200129120708.0 | ||
| 008 | 190216s9999||||xx |||||||||||||| ||und|| | ||
| 020 | _a1863144007 | ||
| 040 | _coclc | ||
| 082 |
_a519.5 _bJHA/C |
||
| 100 |
_aJhamb, L C _91605 |
||
| 245 | 0 |
_aCases And Problems On Quantitative Techniques / _c L C Jhamb |
|
| 250 | _a4th ed. | ||
| 260 |
_bEverest Pubs.House, _a Pune: _c1996. |
||
| 300 | _a350p | ||
| 942 |
_cBK _2ddc _h519.5 _iJHA/C _k519.5 _mJHA/C |
||